Geography Quiz

Random Geography or State Quiz

Largest U.S. 'Park' Cities Quiz Stats

 Plays Quiz not verified by Sporcle

Score 0/39 Timer 06:00
0 Plays Today
State City % Correct
KansasOverland Park
90%
ColoradoParker
67.7%
FloridaParkland
61.5%
IllinoisOak Park
57.1%
MichiganOak Park
57.1%
West VirginiaParkersburg
53.8%
MinnesotaBrooklyn Park
47.1%
CaliforniaMenlo Park
37.1%
TexasUniversity Park
34.6%
CaliforniaBuena Park
28.6%
IllinoisOrland Park
28.6%
MichiganLincoln Park
28.6%
CaliforniaMonterey Park
27.1%
CaliforniaBaldwin Park
25.7%
IllinoisHighland Park
25.7%
MinnesotaSt. Louis Park
25.7%
CaliforniaHuntington Park
22.9%
TexasCedar Park
22.9%
IllinoisTinley Park
22.9%
FloridaWinter Park
20%
State City % Correct
MarylandCollege Park
19.2%
FloridaOakland Park
17.1%
IllinoisPark Ridge
17.1%
MichiganAllen Park
17.1%
CaliforniaRohnert Park
16.1%
CaliforniaMoorpark
15.7%
FloridaPinellas Park
15.7%
IllinoisPark Forest
15.4%
IllinoisVilla Park
15.4%
TexasDeer Park
12.9%
IllinoisLoves Park
11.5%
New JerseyPalisades Park
11.5%
IllinoisHanover Park
10%
PennsylvaniaBethel Park
10%
IllinoisElmwood Park
8.6%
New JerseyElmwood Park
7.7%
IllinoisMachesney Park
3.8%
IllinoisMelrose Park
3.8%
New JerseyCliffside Park
3.8%

You're not logged in!

Compare scores with friends on all Sporcle quizzes.
OR
Log In

Sporcle TV

Today on Sporcle TV


Watch our educational content, quiz creation guides, and fun videos on Sporcle TV.

Show Comments

Extras

Top Quizzes Today


Score Distribution

Your Account Isn't Verified!

In order to create a playlist on Sporcle, you need to verify the email address you used during registration. Go to your Sporcle Settings to finish the process.

Report this User

Report this user for behavior that violates our Community Guidelines.

Details: